000
00312nam a22001337a 4500
008
170529b xxu||||| |||| 00| 0 eng d
020
_a
9780070053670
041
_a
eng
080
_2
6 ED
_a
621
100
_a
27
101
_a
IM
245
_a
VECTOR MECHNANICS FOR ENGINEERING
_c
BEER.F.P
942
_2
udc
_c
BK
999
_c
14704
_d
14704